000 01441cam a2200349 a 4500
001 2689
003 BD-RjUL
005 20211208233612.0
008 131212s1986 maua 001 0 eng
020 _a0395395704 :
035 _a(BD-RjUL)2716
040 _aDLC
_cDLC
_dDLC
_beng
041 _aeng
082 0 0 _a303.4973
_219
_bAME 1986
245 0 0 _aAmerica in perspective :
_bmajor trends in the United States through the 1990s :
_pOxford Analytica / David R. Young
_c Study Team: Daniel Heath,... [et al.] ; contributors and critiquers: Andrea Boltho ... [et al.].
260 _aBoston :
_bHoughton Mifflin,
_cc1986.
300 _axix, 379 p. :
_bill. ;
_c24 cm.
500 _aRevised and updated report of a study commissioned in 1981 by American Express, Bristol-Myers, and Sun Oil.
500 _aIncludes index.
650 0 _aEconomic forecasting
_zUnited States.
_98662
650 0 _aSocial prediction
_zUnited States.
_98663
651 0 _aUnited States
_xEconomic conditions
_y1981-2001.
_98664
651 0 _aUnited States
_xSocial conditions
_y1980-
_96400
651 0 _aUnited States
_xPolitics and government
_y1981-1989
_xForecasting.
_98665
700 1 _aHeath, Daniel...[et al.], ed.
_98666
700 1 _aYoung, David R.
_939037
700 1 _aBoltho, Andrea ... [et al.], contributors and critiquers
_939038
710 2 _aOxford Analytica.
_98667
942 _2ddc
_cBK
999 _c2689
_d2689